| 000 | 00750nam a2200229Ia 4500 | ||
|---|---|---|---|
| 001 | 1075 | ||
| 003 | GE_BSU | ||
| 008 | 181216s||||||||xx |||||||||||||| ||und|| | ||
| 020 | _a9785769534973 | ||
| 040 | _cGE_BSU | ||
| 080 | _a59(075.8) | ||
| 245 | _aЗоолгия Беспозвоночных. Функциональные и эволюционные аспекеы. В 4-х томатх т.4 | ||
| 245 | _bЦиклонейралии,щулальцевые и вторичноротые.Пер. сангл..Учебник | ||
| 245 | _cПод.ред. В.В.Малахова | ||
| 260 | _aМосква | ||
| 260 | _bАкадемия | ||
| 260 | _c2008 | ||
| 300 | _a350 с. | ||
| 541 | _h70 л. | ||
| 653 | _aЗоология | ||
| 942 | _cBK | ||
| 999 |
_c35229 _d35229 |
||